The art of electronics / (رقم التسجيلة. 38488)
[ عرض عادي ]
| 000 -الفاتح | |
|---|---|
| حقل البيانات ثابتة الطول | 00962cam a22002898i 4500 |
| 001 - رقم الضبط | |
| رقم الضبط | 18498026 |
| 003 - محدد رقم الضبط | |
| رقم الضبط | OSt |
| 005 - وقت وتاريخ اخر تعامل مع التسجيلة | |
| رقم الضبط | 20151014170500.0 |
| 008 - عناصر البيانات ثابتة الطول - معلومات عامة | |
| حقل البيانات ثابتة الطول | 150219s2015 nyu b 001 0 eng |
| 010 ## - رقم ضبط مكتبة الكونجرس | |
| رقم ضبط مكتبة الكونجرس | 2015002303 |
| 020 ## - الرقم الدولى المعيارى للكتب | |
| الرقم الدولى المعيارى للكتاب | 9780521809269 (hardback) |
| 040 ## - مصدر الفهرسة | |
| وكالة الفهرسة الأصلية | DLC |
| لغة الفهرسة | eng |
| وكالة النسخ | DLC |
| قواعد الوصف | rda |
| 042 ## - رمز التحقق | |
| رمز التحقق | pcc |
| 050 00 - رقم طلب مكتبة الكونجرس | |
| رقم التصنيف | TK7815 |
| رقم المادة | .H67 2015 |
| 082 00 - رقم تصنيف ديوى العشرى | |
| رقم التصنيف | 621.38132 |
| رقم الطبعة | 23 |
| رقم المادة | HPA |
| 100 1# - المدخل الرئيسى - إسم شخصى | |
| الإسم الشخصى | Horowitz, Paul, |
| التواريخ المصاحبة للاسم | 1942- |
| 9 (RLIN) | 51801 |
| 245 14 - بيان العنوان | |
| العنوان | The art of electronics / |
| بيان المسئوليه,etc | Paul Horowitz, Harvard University, Winfield Hill, Rowland Institute. |
| 250 ## - بيان الطبعة | |
| بيان الطبعة | Third edition. |
| 263 ## - تاريخ النشر المتوقع | |
| تاريخ النشر المتوقع | 1111 |
| 300 ## - الوصف المادى | |
| التعداد | pages cm |
| 504 ## - تبصرة ببليوجرافية | |
| تبصرة ببليوجرافية,الخ | Includes bibliographical references and index. |
| 650 #0 - المدخل الاضافى بالموضوع-مصطلح موضوعى | |
| مصطلح موضوعي أو اسم جغرافي كعنصر مدخل | Electronics. |
| 9 (RLIN) | 52456 |
| 650 #0 - المدخل الاضافى بالموضوع-مصطلح موضوعى | |
| مصطلح موضوعي أو اسم جغرافي كعنصر مدخل | Electronic circuit design. |
| 9 (RLIN) | 36712 |
| 906 ## - عنصر بيانات محلى F, LDF (RLIN) | |
| a | 0 |
| b | vip |
| c | orignew |
| d | 1 |
| e | ecip |
| f | 20 |
| g | y-gencatlg |
| 942 ## - عناصر المدخل الإضافي( كوها) | |
| مصدر التصنيف او مخطط الترفيف | Dewey Decimal Classification |
| Koha [default] item type | كتاب |
| حالة الفقد | نموذج السعر الفعال | حالة تلف | ليس للاعارة | رقم الطلب | تاريخ الاكتساب | الموقع الحالي | الباركود | الفرع الرئيسي | Date last seen | نوع المادة فى نظام كوها | مصدر التصنيف او خطة الترفيف | Total Checkouts |
|---|---|---|---|---|---|---|---|---|---|---|---|---|
| 2015-10-14 | 621.38132 HPA | 2015-10-14 | المكتبة المركزية بالمجمعة (CL) | 00654386 | المكتبة المركزية بالمجمعة (CL) | 2015-10-14 | كتاب | Dewey Decimal Classification | ||||
| 2015-10-14 | 621.38132 HPA | 2015-10-14 | المكتبة المركزية بالمجمعة (CL) | 00654387 | المكتبة المركزية بالمجمعة (CL) | 2015-10-14 | كتاب | Dewey Decimal Classification | ||||
| 2015-10-14 | 621.38132 HPA | 2015-10-14 | المكتبة المركزية بالمجمعة (CL) | 00654388 | المكتبة المركزية بالمجمعة (CL) | 2015-10-14 | كتاب | Dewey Decimal Classification |
